| 000 | 01023cad a22002295a 4500 | ||
|---|---|---|---|
| 001 | E148750 | ||
| 008 | 091104s2009 xxub f s 000 0 eng d | ||
| 035 | _a(Sirsi) u148750 | ||
| 041 | 0 | _aeng | |
| 050 | 0 | 4 | _a333.33 $2 18 |
| 110 | 2 |
_aPramerica Real Estate Investors _95594 |
|
| 245 | 0 | 0 |
_aUS quarterly market perspective _bOctober 2009 _h[electronic resource] |
| 260 |
_aParsipanny, NJ _bPramerica Real Estate Investors _c2009 |
||
| 490 | 0 |
_aPREI US Quarterly Market Perspective _vOctober 2009 |
|
| 520 | _aReports that despite indicators of positive growth in the economy, the commercial property market is still weak, and will be throughout 2010. Transaction activity remains slow and property values are still falling. | ||
| 521 | _aAdvanced | ||
| 590 | _aKA | ||
| 651 | 4 |
_aUnited States _y1959- |
|
| 690 | _aPROPERTY-COMMERCIAL PROPERTY-COMMERCIAL PROPERTY MARKET | ||
| 856 | 4 | 0 |
_uhttps://www.pramericarei.com/pramerica/realestate/index.html _zView the item free of charge at www.pramericarei.com... |
| 942 | _n0 | ||
| 999 |
_c110207 _d110207 |
||